000
00310nam a22001457a 4500
008
230517b ||||| |||| 00| 0 eng d
020
_a
9781119963233
041
_a
eng
080
_a
070
082
_a
070
100
_a
18
101
_a
MK
245
_a
THE SOCIAL MEDIA MBA
_c
HOLLOMAN.CH
942
_2
udc
_c
BK
999
_c
59770
_d
59770